| 000 | 01160nam a2200349 i 4500 | ||
|---|---|---|---|
| 001 | 42554 | ||
| 003 | KOSZ 005 | ||
| 005 | 20170621100808.0 | ||
| 008 | 020801s2002 pl |000 0 pol | ||
| 015 | _aPB 2002/12268 | ||
| 020 | _a8391712400 | ||
| 035 | _a(OCoLC)831029465 | ||
| 040 |
_aWA N _cKOSZ 005/HR _dKOSZ 005/HR |
||
| 046 | _k2002 | ||
| 080 | _a050+070(438)(091) | ||
| 100 | 1 |
_aKowalczyk, Ryszard _c(politolog). _eAutor. |
|
| 245 | 1 | 0 |
_aWczoraj i dziś prasy lokalnej w Polsce / _cRyszard Kowalczyk. |
| 260 |
_aPoznań : _bAgencja "eSeM", _c2002. |
||
| 300 |
_a382 s. ; _c21 cm. |
||
| 336 |
_2rdacontent _aTekst _btxt |
||
| 337 |
_2rdamedia _aBez urządzenia pośredniczącego _bnc |
||
| 338 |
_2rdacarrier _aWolumin _bnc |
||
| 380 | _aKsiążki. | ||
| 490 | 1 |
_aMedia i Polityka ; _vt. 2. |
|
| 504 | _aBibliogr. | ||
| 655 | 4 |
_aCzasopisma regionalne i lokalne polskie _xhistoria. |
|
| 658 | _aHistoria | ||
| 658 | _aMedia i komunikacja społeczna | ||
| 830 | 0 |
_aMedia i Polityka ; _vt. 2. |
|
| 856 |
_uhttp://koha.tu.koszalin.pl/cgi-bin/koha/opac-detail.pl?biblionumber=42554 _yKatalog online BPK |
||
| 942 |
_2UKD _cKS |
||
| 999 |
_c42554 _d42554 |
||